| 000 | 00860nam a2200241Ii 4500 | ||
|---|---|---|---|
| 003 | JO-AjNU | ||
| 008 | 230605s9999||||xx |||||||||||||| ||und|| | ||
| 017 | _a2002/19185 | ||
| 020 | _a977-345-230-1 | ||
| 040 |
_aJO-AjNU _bara _erda _cJO-AjNU |
||
| 041 | _aara | ||
| 050 | 1 | 4 | _aHF 5415 .5 .N6712. 2006 |
| 100 | 3 |
_aاعداد:عماد الحداد, _eauthor _933976 |
|
| 245 | 0 | 0 | _aكيف تهتم بالعميل وتحافظ على ولائه؟ |
| 250 | _aط2 | ||
| 264 | 3 | 1 | _aالقاهرة:دار الفاروق للنشر والتوزيع،2006 |
| 300 |
_a128ص _bيحتوي على ببلوغرافية من ص125-128ص |
||
| 336 |
_atext _btxt _2rdacontent |
||
| 337 |
_aunmediated _bn _2rdamedia |
||
| 338 |
_avolume _bnc _2rdacarrier |
||
| 490 | 0 | _aكويك نوتس | |
| 650 | 4 |
_aالعملاء -ادارة المبيعات-التسويق _933977 |
|
| 999 |
_aA13883 _c17451 _d17451 |
||